| 000 | 01169ngm a22003490a 4500 | ||
|---|---|---|---|
| 001 | PT14860 | ||
| 003 | AR-LpoUNG | ||
| 005 | 20210202000050.0 | ||
| 007 | vd cvaizq | ||
| 008 | 191001s1945||||ag |||||||||||||||||spa d | ||
| 037 | _c$6.60 | ||
| 040 |
_aAR-LpoUNG _bspa _cAR-LpoUNG _eaacr |
||
| 041 | _aspa | ||
| 044 | _aag | ||
| 082 | 0 | _a305.8 372pam | |
| 100 | 1 |
_aDemare, Lucas _edir. |
|
| 245 | 1 | 0 | _aPampa bárbara |
| 260 |
_aBuenos Aires : _bArte Video, _c1945. |
||
| 300 | _aVHS (95 min.) : son., col. | ||
| 505 | 0 | _aGuión: Juan Elhert, Homero Manzi. | |
| 520 | _a<p>Muestra la dura lucha de los gauchos por sobrevivir no solo de las inclemencias de nuestra tierra sinó también de sus enfrentamientos a los malones de los indios, que luchaban contra ellos por ocupar las mismas tierras; aunque el paso del tiempo y ala civilización acabó con ambos.</p> | ||
| 650 | 4 | _aARGENTINA | |
| 650 | 4 | _aCONFLICTO ETNICO | |
| 650 | 4 | _aCONFLICTOS SOCIALES | |
| 650 | 4 | _aHISTORIA | |
| 651 | 4 | _aArgentina | |
| 653 | _aCINE ARGENTINO | ||
| 653 | _aVIDEOS | ||
| 700 | 1 |
_aFregonese, Hugo _edir. |
|
| 905 | _a14860 | ||
| 942 | _cVIDEO | ||
| 999 |
_c54058 _d54058 |
||